World Capitals Closest to Suva - One Minute Sprint - Statistics

General Stats
  • This quiz has been taken 23 times
  • The average score is 12 of 20
Answer Stats
km capital miles % Correct
3461 Canberra 2151
89%
2219 Honiara 1379
89%
2597 Wellington 1614
89%
1153 Apia 716
84%
1076 Funafuti 669
79%
3509 Port Moresby 2181
79%
745 Nuku'alofa 463
74%
1071 Port Vila 666
74%
2251 South Tarawa 1398
68%
3571 Palikir 2219
63%
2330 Yaren 1448
63%
5596 Ngerulmud 3477
58%
5805 Dili 3607
53%
2916 Majuro 1812
53%
7281 Manila 4524
47%
7818 Taipei 4858
47%
7250 Tokyo 4505
42%
7422 Bandar Seri Begawan 4612
37%
2304 Avarua 1432
16%
1233 Alofi 766
11%
No matching quizzes found
Score Distribution
Percent of People with Each Score
Percentile by Number Answered
Your Score History
You have not taken this quiz